书目信息 |
| 题名: |
缅边日记
|
|
| 作者: | 曾昭抡 著 | |
| 分册: | ||
| 出版信息: | 郑州 河南人民出版社 2008.09 |
|
| 页数: | 142页 | |
| 开本: | 21cm | |
| 丛书名: | 旅行散记文丛 | |
| 单 册: | ||
| 中图分类: | I266.4 | |
| 科图分类: | ||
| 主题词: | 游记--you ji--中国--现代--选集 | |
| 电子资源: | ||
| ISBN: | 978-7-215-06463-8 | |
| 000 | 00780nam 2200253 450 | |
| 001 | 012009757206 | |
| 005 | 20090430161951.37 | |
| 010 | @a978-7-215-06463-8@dCNY18.00 | |
| 100 | @a20090430d2008 em y0chi0120 ea | |
| 101 | 0 | @achi |
| 102 | @aCN@b410000 | |
| 105 | @aa z 000yy | |
| 106 | @ar | |
| 200 | 1 | @a缅边日记@Amian bian ri ji@f曾昭抡著@Fzeng zhao lun zhu |
| 210 | @a郑州@c河南人民出版社@d2008.09 | |
| 215 | @a142页@c图@d21cm | |
| 225 | 2 | @a旅行散记文丛@Alu xing san ji wen cong |
| 330 | @a本书系曾昭抡先生在抗战期间由昆明到滇区边境实地考察的记录。 | |
| 410 | 0 | @12001 @a旅行散记文丛 |
| 606 | 0 | @a游记@Ayou ji@y中国@z现代@j选集 |
| 690 | @aI266.4@v4 | |
| 701 | 0 | @a曾昭抡@Azeng zhao lun@4著 |
| 801 | 0 | @aCN@bQSSK@c20090430 |
| 905 | @b741578-80@dI266.4@eZ031@f3 | |
| 缅边日记/曾昭抡著.-郑州:河南人民出版社,2008.09 |
| 142页:图;21cm.-(旅行散记文丛) |
| ISBN 978-7-215-06463-8:CNY18.00 |
| 本书系曾昭抡先生在抗战期间由昆明到滇区边境实地考察的记录。 |
| ● |
| 相关链接 |
|
|
|
正题名:缅边日记
索取号:I266.4/Z031
 
预约/预借
| 序号 | 登录号 | 条形码 | 馆藏地/架位号 | 状态 | 备注 |
| 1 | 741578 | 207415787 | 社科二线422/422社科库 53排2列1层/ [索取号:I266.4/Z031] | 在馆 | |
| 2 | 741579 | 207415796 | 文学库116/116文学库 2排4列3层/ [索取号:I266.4/Z031] | 在馆 | |
| 3 | 741580 | 207415803 | 文学库116/116文学库 2排4列3层/ [索取号:I266.4/Z031] | 在馆 |